00378nam a2200145Ia 450000500170000000800410001703700130005804000200007104100130009108400300010410000120013424500480014626000290019430000090022320250326143726.0250326s9999 xx 000 0 und d aTextbook aFMSLbengcFMSL aeng2eng aX:74obD658(2:55) P1qFMSL aSegil L 0aFasalliances power your e-businesscSegil L aNYbNY, John Wileyc2001 a310p